Propojištěnost bez klientského přístupu zvyšovat nelze
Segmentácia klientov a návrh marketingovej stratégie ako zvýšiť hodnotu produktu. Kvantitatívny a kvalitatívny výskum potrieb klientov. Vytvorenie účinného motivačného systému. Znalosť produktového portfólia a zručnosti predajcov.
Saved in:
| Main Author: | |
|---|---|
| Format: | Book Chapter |
| Language: | Czech |
| Subjects: | |
| Tags: |
No Tags, Be the first to tag this record!
|
MARC
| LEADER | 00000naa a2200000 4500 | ||
|---|---|---|---|
| 001 | 0125053 | ||
| 005 | 20231129093536.1 | ||
| 041 | 0 | |a cze | |
| 044 | |a CZ | ||
| 245 | 1 | 0 | |a Propojištěnost bez klientského přístupu zvyšovat nelze |c Jan Kopecký |
| 520 | |a Segmentácia klientov a návrh marketingovej stratégie ako zvýšiť hodnotu produktu. Kvantitatívny a kvalitatívny výskum potrieb klientov. Vytvorenie účinného motivačného systému. Znalosť produktového portfólia a zručnosti predajcov. | ||
| 610 | 2 | 0 | |a Česko |
| 610 | 2 | 0 | |a trh poistný |
| 610 | 2 | 0 | |a poisťovne |
| 610 | 2 | 0 | |a poisťovníctvo |
| 610 | 2 | 0 | |a produkty |
| 610 | 2 | 0 | |a zmluvy poistné |
| 610 | 2 | 0 | |a podmienky poistné |
| 610 | 2 | 0 | |a hodnota poistná |
| 610 | 2 | 0 | |a technológie informačné |
| 610 | 2 | 0 | |a technológie komunikačné |
| 610 | 2 | 0 | |a klienti |
| 100 | 1 | |a Kopecký, Jan | |